000 00683cam a2200241ua 4500
001 10084
005 20260515114549.0
008 170329n ii |||gr||||Z||||||asm
020 _a9788192276526
040 _cMAIN
041 _aasm
082 _a320.954
100 _aGoswami, Parash,
_eAuthor.
245 _aBharatar sarkar aru rajniti
_cBy Parash Goswami, Sasanka Dhaval Saikia and Kundan Hazarika
250 _a1st ed.
260 _aJorhat:
_bGrantha sanskriti,
_c2011.
300 _a268p.
653 _aPolitical science
653 _aIndian government and politics
700 _aSaikia, Sasanka Dhaval,
_eAuthor.
700 _aHazarika, Kundan,
_eAuthor.
942 _cBK
999 _c9075
_d9075